000 01221nam1a22003251 4500
001 v19\rc\1950968
005 20251118180920.5
035 _a(NLR Aleph) 005035929
090 _a6741220
_c6741220
100 _a20080428g19131914|||y0rusy50 ca
101 1 _arus
_cger
102 _aRU
105 _ay d |||||
200 1 _aШкола действия
_eРеформа шк. сообразно требованиям природы и культуры
_fВ.А. Лай
_gАвториз. пер. с нем. Е. Пашуканиса. [Вып. 1-2]
210 _aСанкт-Петербург
_cИзд-во газ. "Шк. и жизнь"
_d1913-1914
215 _a2 т.
_d24
532 1 3 _aШкола действия
700 1 _aЛай
_bВ. А.
_f1862-1926
_gВильгельм Августович
702 1 _aПашуканис
_bЕ. Б.
_gЕвгений Брониславович
_4730
801 0 _aRU
_bNLR
_gpsbo
801 0 _aRU
_bRuMoRGB
_2psbo
801 1 _aRU
_bProSoft-M
_2rusmarc
852 _aNLR
_j17.149.5.74
899 _aRuMoRGB
_jR 81/139
899 _aRuMoRGB
_jРб 16/143 (т. 1)
899 _aRuMoRGB
_jРб 16/473 (т. 2)
899 _aRuMoRGB
_jE 82/1338
942 _cBOOK
980 _aNB